[Event "4th Capablanca Memorial GM 2018"]
[Site "Heraklion"]
[Date "2018.04.12"]
[Round "4"]
[White "Koutoukidis, Panagiotis"]
[Black "Townsend, M Paul"]
[Result "1-0"]
[WhiteElo "2332"]
[BlackElo "2211"]
[Annotator "NA"]
[PlyCount "81"]
[EventDate "2018.??.??"]
[EventType "tourn"]
[EventCountry "GRE"]
[SourceTitle "playchess.com"]
[Source "ChessBase"]
[SourceQuality "1"]
[TimeControl "40/5400+30:1800+30"]

1. e4 {[%emt 0:00:00]} e6 {[%emt 0:00:08]} 2. d4 {[%emt 0:00:00]} d5 {[%emt 0:00:04]} 3. Nc3 {[%emt 0:00:00]} Bb4 {[%emt 0:00:17]} 4. exd5 {[%emt 0:00:00]} exd5 {[%emt 0:00:08]} 5. Bd3 {[%emt 0:00:00]} Nf6 {[%emt 0:09:59]} 6. Nge2 {[%emt 0:01:03]} Nc6 {[%emt 0:05:08]} 7. O-O {[%emt 0:01:35]} O-O {[%emt 0:12:28]} 8. Bg5 {[%emt 0:00:36]} Be7 {[%emt 0:02:08] LiveBook: 5 Games} 9. Qd2 {[%emt 0:02:30]} Re8 {[%emt 0:13:12]} 10. a3 {[%emt 0:04:00]} Na5 {[%emt 0:09:49]} 11. b3 $11 {[%emt 0:06:33]} b6 {[%emt 0:01:30]} 12. Rfe1 {[%emt 0:01:20]} c6 {[%emt 0:02:22]} 13. Ng3 {[%emt 0:00:52]} Nb7 {[%emt 0:03:42]} 14. Rxe7 {[%emt 0:05:41]} Qxe7 {[%emt 0:12:15]} 15. Nh5 {[%emt 0:00:06]} Nxh5 {[%emt 0:02:25]} 16. Bxe7 {[%emt 0:00:14]} Rxe7 {[%emt 0:00:04]} 17. Re1 {[%emt 0:02:23]} Be6 {[%emt 0:05:55]} 18. Qg5 {[%emt 0:04:00]} Nf6 {[%emt 0:00:11]} 19. Qf4 {[%emt 0:00:47]} Rae8 {[%emt 0:01:28]} 20. f3 {[%emt 0:00:43]} Nh5 {[%emt 0:04:17]} 21. Qe5 {[%emt 0:02:48]} g6 {[%emt 0:00:14]} 22. Qg5 {[%emt 0:04:07]} Nd6 {[%emt 0:02:54]} 23. g4 {[%emt 0:02:00]} f6 {[%emt 0:04:51]} 24. Qd2 {[%emt 0:02:05]} Ng7 {[%emt 0:00:07]} 25. Qf4 {[%emt 0:00:14]} Nc8 {[%emt 0:02:34]} 26. Ba6 {[%emt 0:02:10]} Kf7 {[%emt 0:00:45]} 27. Kf2 {[%emt 0:02:50]} Rd7 {[%emt 0:01:02]} 28. h4 {[%emt 0:05:56]} Nd6 {[%emt 0:01:01]} 29. Bd3 {[%emt 0:00:08]} f5 {[%emt 0:02:49]} 30. h5 {[%emt 0:02:30]} Ree7 {[%emt 0:01:07]} 31. hxg6+ {[%emt 0:00:45]} hxg6 {[%emt 0:00:05]} 32. Rh1 {[%emt 0:00:11]} Nde8 {[%emt 0:00:30]} 33. Rh6 {[%emt 0:02:17]} Rd6 {[%emt 0:00:36]} 34. Ne2 {[%emt 0:01:42]} Bd7 {[%emt 0:00:36]} 35. Ng3 {[%emt 0:00:25]} Rf6 {[%emt 0:00:40]} 36. Qg5 {[%emt 0:03:51]} Ne6 {[%emt 0:00:32]} 37. Qh4 {[%emt 0:01:23]} fxg4 {[%emt 0:00:20]} 38. Bxg6+ {[%emt 0:00:52]} Rxg6 {[%emt 0:00:42]} 39. Rxg6 {[%emt 0:00:07]} N6g7 {[%emt 0:00:26]} 40. Nh5 {[%emt 0:00:00]} g3+ {[%emt 0:00:26]} 41. Nxg3 {[%emt 0:03:09]} 1-0

[Event "4th Capablanca Memorial GM 2018"]
[Site "Heraklion"]
[Date "2018.04.13"]
[Round "5"]
[White "Fernandez, Daniel Howard"]
[Black "Georgakopoulos, Nikolaos"]
[Result "1-0"]
[WhiteElo "2483"]
[BlackElo "2346"]
[Annotator "TA"]
[PlyCount "47"]
[EventDate "2018.??.??"]
[EventType "tourn"]
[EventCountry "GRE"]
[SourceTitle "playchess.com"]
[Source "ChessBase"]
[SourceQuality "1"]

{[%evp 13,47,12,16,19,27,19,43,26,23,26,25,20,26,29,52,40,104,97,98,96,91,93,112,99,115,111,118,89,115,89,106,104,341,330,373,366]} 1. Nc3 c5 2. Nf3 e6 3. d4 cxd4 4. Nxd4 Nf6 5. g3 d5 6. Bg2 Be7 7. O-O O-O 8. e4 {A46: 1 d4 Nf6 2 Nf3 e6: Torre, London and Colle Systems} dxe4 9. Nxe4 ({Of course not} 9. Bxe4 Nxe4 10. Nxe4 e5 $17) 9... a6 (9... Nxe4 10. Bxe4 Qa5 11. Qd2 Qh5 12. Qe2 Qxe2 13. Nxe2 Nc6 14. Be3 e5 15. Nc3 f5 {0-1 (38) Ifran,M (2268)-Granara Barreto,S (2388) San Jose 2002}) 10. Nb3 $146 {White is slightly better.} ({Find the theoretical novelty and annotate with similar games:} 10. c3 Qc7 11. Qb3 e5 12. Nxf6+ Bxf6 13. Nc2 Nc6 14. Ne3 Ne7 15. Rd1 Rb8 16. Qc4 Qxc4 17. Nxc4 {1-0 (60) Sattel,D (2061)-Hilverda,A (2239) Einhausen 2010}) 10... Qc7 11. Nxf6+ Bxf6 12. c3 Rd8 13. Qh5 Nc6 14. Be3 Ne7 {[#]} (14... Bd7 $14) 15. Qc5 $1 $36 {[%cal Rc5c7][%mdl 2048] White is in control.} Qxc5 16. Bxc5 Nc6 17. Bb6 Rd7 18. Rad1 Kf8 19. a4 Ke8 20. Nd2 Be7 21. a5 Rb8 22. b4 Rd3 $2 {[#]} (22... e5 $16) 23. Bc7 $1 $18 Rxc3 {intending ...Ra8.} 24. Bxc6+ {Precision: White = 74%, Black = 24%.} 1-0

[Event "4th Capablanca Memorial GM 2018"]
[Site "Heraklion"]
[Date "2018.04.13"]
[Round "5"]
[White "Kapnisis, Spyridon"]
[Black "Koutoukidis, Panagiotis"]
[Result "1/2-1/2"]
[WhiteElo "2472"]
[BlackElo "2332"]
[Annotator "TA"]
[PlyCount "112"]
[EventDate "2018.??.??"]
[EventType "tourn"]
[EventCountry "GRE"]
[SourceTitle "playchess.com"]
[Source "ChessBase"]
[SourceQuality "1"]

{[%evp 13,112,2,4,-18,-16,-21,-22,-33,7,0,0,-39,-29,-23,0,-6,-2,-7,0,-10,-15,-25,-1,-11,0,0,0,0,12,-10,-16,-25,24,16,25,37,39,52,40,46,41,28,20,20,28,28,28,28,28,28,24,24,27,34,70,51,54,27,34,34,25,27,10,0,54,56,54,56,53,34,34,34,34,34,34,34,34,34,29,25,29,28,31,22,33,25,35,28,34,18,20,0,0,0,0,0,0,0,0,0,0]} 1. Nf3 Nf6 2. c4 e6 3. e3 c5 4. Nc3 Be7 5. b3 O-O 6. Bb2 {A34: Symmetrical English: 2 Nc3, lines with ...d5} b6 7. Be2 Bb7 {LiveBook: 25 Games} 8. Qc2 (8. O-O a6 9. d4 cxd4 10. exd4 d5 11. Rc1 Nbd7 12. Ne5 dxc4 13. Nxd7 Qxd7 14. bxc4 Rfd8 15. Qb3 Rab8 16. Rfd1 {0-1 (31) Fedoseev,V (2718)-Leko,P (2691) Riadh 2017}) 8... Nc6 9. Rd1 d5 10. cxd5 Nb4 (10... exd5 $5 {[%cal Rd5d4]} 11. d4 cxd4 12. Nxd4 Nxd4 13. Rxd4 Rc8 $11) 11. Qb1 Nbxd5 12. h4 Nxc3 13. Bxc3 $146 ({Predecessor:} 13. dxc3 Qc7 14. c4 {1-0 (51) Schwarz,E (1928)-Kalepky,H (2084) Wiesbaden 2014}) 13... Be4 14. d3 Bxf3 15. Bxf3 Nd5 16. Bxd5 Qxd5 17. e4 Qh5 18. Qb2 Qg6 19. Rh3 {[%cal Bh1h3,Bh3g3,Bg3g5][%mdl 32] [#] Black must now prevent Rg3.} Bd6 ({Don't go for} 19... Qxg2 $2 20. Rg3 $18) 20. Kf1 h5 21. Be5 Bxe5 22. Qxe5 Rfd8 23. Rg3 Qh6 24. Rg5 g6 25. g4 $1 {[%cal Rg4h5]} hxg4 26. h5 Kf8 27. Qf4 Ke7 $1 28. hxg6 f6 29. Rxg4 Qxf4 30. Rxf4 $11 {[%mdl 4096] Endgame KRR-KRR} Rg8 31. Rh4 Rxg6 32. Rh7+ Kd6 33. Ke2 Ke5 34. Ke3 f5 $1 35. Rf7 Rh8 36. exf5 exf5 37. Rxa7 Rh3+ 38. Ke2 Kd5 (38... Re6 $11) 39. Rd7+ Kc6 40. Re7 $1 Rd6 41. Re5 f4 42. Re4 Rd4 $1 43. Re6+ Kb5 44. Rf6 Ka5 45. Rd2 Kb5 46. Rc2 Rdxd3 47. Rxf4 Rd6 48. Rd2 Re6+ 49. Kf1 Rg6 50. Rd8 Rc3 51. Ra8 Rc2 {The position is equal.} 52. Ra7 Rb2 53. Rf3 Rc2 54. Ra8 Rb2 55. Re3 Rd6 56. Rf3 Rg6 {Precision: White = 63%, Black = 70%.} 1/2-1/2

[Event "4th Capablanca Memorial GM 2018"]
[Site "Heraklion"]
[Date "2018.04.13"]
[Round "5"]
[White "Pogosyan, Stefan"]
[Black "Poetsch, Hagen"]
[Result "0-1"]
[WhiteElo "2314"]
[BlackElo "2484"]
[Annotator "TA"]
[PlyCount "94"]
[EventDate "2018.??.??"]
[EventType "tourn"]
[EventCountry "GRE"]
[SourceTitle "playchess.com"]
[Source "ChessBase"]
[SourceQuality "1"]

{[%evp 18,94,39,0,0,-14,-17,-43,-3,-7,27,0,-6,-6,-8,-56,-57,-51,-59,-67,-79,-52,-46,-42,-57,-75,-41,-41,-35,-54,-19,-28,0,-27,-9,-181,0,0,0,-94,0,-173,-177,-224,-199,-216,-157,-175,-147,-147,-129,-146,-144,-129,-55,-54,-33,-82,0,0,0,-140,-60,-133,-83,-157,-151,-154,-136,-165,-162,-161,-161,-156,-48,-161,-160,-160,-153]} 1. c4 Nf6 2. Nc3 d5 3. d4 g6 4. cxd5 Nxd5 5. e4 Nxc3 6. bxc3 Bg7 7. Nf3 c5 8. Rb1 O-O 9. Be2 b6 10. Bb2 {LiveBook: 3 Games. D85: Exchange Grünfeld: Unusual White 7th moves and lines with 7 Nf3} (10. O-O Bb7 11. Qd3 Ba6 12. Qe3 Qd7 13. dxc5 Bxe2 14. Qxe2 bxc5 15. Rd1 Qe6 16. h4 Nc6 17. Ng5 Qf6 18. Be3 Rad8 19. Bxc5 Qxc3 20. Rdc1 Qa5 {½-½ (32) Mamedyarov,S (2800)-Nepomniachtchi,I (2742) Geneva 2017}) 10... e6 11. h4 Bb7 12. e5 $146 {The position is equal.} ({Predecessor:} 12. Qd3 Nc6 13. h5 cxd4 14. cxd4 Nb4 15. Qd2 Bxe4 16. Rc1 Bxf3 17. Bxf3 Nd5 18. hxg6 hxg6 {0-1 (54) Fuss,B-Ceschia,I (2285) Caorle 1982}) 12... Be4 13. Rc1 h6 14. Qd2 Nc6 15. Qf4 Bd5 16. c4 Bxf3 $1 17. Bxf3 Qc7 18. Bxc6 Qxc6 19. O-O cxd4 20. Ba3 Rfd8 21. Rfd1 Qa4 22. Bd6 Qxa2 23. Rxd4 Qb3 24. h5 g5 25. Qe4 $1 a5 26. Rd3 $2 {[#]} (26. Re1 $11 {and White has nothing to worry.}) 26... Qb2 $2 (26... Qxd3 $1 $19 {[%mdl 512]} 27. Qxd3 Bxe5) 27. Rcd1 {Strongly threatening Ba3.} Rac8 28. f4 (28. Rf3 $1 $11 {keeps the balance.}) 28... gxf4 (28... Qc2 $1 $17 29. fxg5 Rxc4) 29. Qxf4 $2 (29. Rf1 $1 $11 {and White stays safe.}) 29... Qc2 $1 $19 30. R3d2 Rxc4 31. Qf2 Qf5 32. Qxb6 Ra8 33. Rf1 Qxh5 34. Qb7 Rac8 35. Rdf2 {[%cal Rf2f7]} Rc2 ({Resist} 35... Bxe5 36. Bxe5 Qxe5 37. Qxf7+ Kh8 38. Qg6 $15) (35... Rc1 $17 36. Qxf7+ Qxf7 37. Rxf7 Rxf1+ 38. Rxf1 a4) 36. Rxf7 $15 Qg6 $40 {[%mdl 128] Black mounts an attack.} 37. Qf3 R8c3 (37... Rc1 $17 38. Re7 R8c3 39. Qf7+ Qxf7 40. Rexf7 Rxf1+ 41. Rxf1 a4) 38. Qa8+ $11 Rc8 $1 {[%cal Rc8a8]} 39. Qb7 (39. Qf3 $1 $11 {was the only way to keep the balance.}) 39... a4 ({Black should play} 39... R8c6 $1 $17 {[%csl Gc2][%cal Rg6g2]} 40. R7f2 Rxf2 41. Rxf2 Rc1+ 42. Rf1 Rxf1+ 43. Kxf1 Qf7+ 44. Qxf7+ Kxf7) 40. R7f2 (40. Bc7 $1 $15 Kh7 41. R1f2 Rc1+ 42. Rf1 Qxf7 43. Rxc1) 40... h5 41. Rf4 (41. Be7 $142) 41... R8c6 $1 $17 {[%csl Gc2][%cal Rg6g2]} 42. R1f2 Rxf2 43. Rxf2 Rc1+ 44. Kh2 Rc3 45. Kg1 {[#]} Qg4 (45... Rc4 $1 $17 {Threatens to win with ...Rc1+.} 46. Rf3 Kh8) 46. Qf7+ {[#]} (46. Qb8+ $1 $15 Kh7 47. Qb1+ Qg6 48. Qb4) 46... Kh7 $1 $19 {And now ...a3 would win.} 47. Rf4 Qg5 {Precision: White = 43%, Black = 43%.} 0-1

[Event "4th Capablanca Memorial GM 2018"]
[Site "Heraklion"]
[Date "2018.04.13"]
[Round "5"]
[White "Petrova, Kristyna"]
[Black "Ider, Borya"]
[Result "1/2-1/2"]
[WhiteElo "2257"]
[BlackElo "2510"]
[Annotator "TA"]
[PlyCount "114"]
[EventDate "2018.??.??"]
[EventType "tourn"]
[EventCountry "GRE"]
[SourceTitle "playchess.com"]
[Source "ChessBase"]
[SourceQuality "1"]

{[%evp 12,114,34,20,120,119,116,92,97,43,48,45,39,55,46,21,52,23,19,16,29,17,17,6,6,0,28,12,12,0,0,0,13,10,8,7,10,16,15,9,58,56,47,44,48,48,40,55,64,62,77,72,59,36,32,7,31,35,35,22,22,22,38,31,83,47,114,39,42,0,65,54,45,47,45,22,70,70,68,15,15,18,22,0,0,0,0,0,0,0,0,0,0,0,47,0,0,0,0,0,11,0,21,0,12]} 1. e4 e6 2. d4 d5 3. Nc3 Nf6 4. e5 Ng8 5. f4 c5 (5... Nh6 6. Be3 b6 7. Nf3 c5 8. Qd2 Nf5 9. Bf2 Nc6 10. Ne2 Be7 11. g4 Nh4 12. Nxh4 Bxh4 13. Bg3 {½-½ (41) Nomin Erdene,D (2434)-Skytte,R (2409) Kecskemet 2015}) 6. Nf3 {C11: French: Classical System: 4 e5 and 4 Bg5 dxe4} Nc6 7. Be3 {LiveBook: 3 Games} Nh6 (7... c4 $11) 8. dxc5 $16 {White is better.} Nf5 9. Bf2 $146 ({Predecessor:} 9. Bg1 Qa5 10. Bb5 Bd7 11. Bxc6 Bxc6 12. Nd4 Bxc5 13. Nb3 {1-0 (33) Milesi,L (2148)-Boukhris,Y (1975) Belfort 2010}) 9... Qa5 10. Qd2 (10. g4 $16 Nh6 11. h3) 10... Bxc5 $14 11. Bxc5 Qxc5 12. Bd3 Ne3 13. Nd1 Nc4 14. Bxc4 Qxc4 15. c3 b6 16. Nd4 (16. g3 {is more complex.} a5 17. Ne3 Qc5 18. O-O O-O 19. a3) 16... Nxd4 17. cxd4 Ba6 18. Ne3 Qa4 19. b3 Qa3 20. Qc1 Qb4+ 21. Qd2 Qe7 22. O-O-O Bb5 23. Kb2 a5 24. a3 O-O 25. Rc1 Ra7 26. Rc2 f6 27. exf6 Qxf6 28. g3 $1 Qg6 29. Rhc1 Qe4 30. Rc8 Ra8 31. Rxa8 Rxa8 32. Ng4 a4 33. Qe3 Qf5 34. Ne5 Qh3 35. Qd2 axb3 36. Kxb3 h5 37. Kb2 Qf5 (37... h4 $14) 38. Rc3 Qe4 {[#]} ({Black should play} 38... Be8 $14) 39. Re3 (39. Nf3 $1 $16) 39... Qf5 40. Rc3 (40. Rb3 {keeps more tension.} Ba4 41. Rc3 Be8 42. Nf3 Bg6 43. Qe1) 40... Bc4 (40... Qe4 $11) 41. Nxc4 dxc4 42. Rxc4 {[%mdl 4096] Endgame KQR-KQR} Rd8 43. Qc3 Qb5+ 44. Qb3 Qd5 45. Rb4 (45. Qxb6 $14 Qxc4 46. Qxd8+ Kh7 47. Qa5) 45... Qe4 $11 46. Qc2 ({Wrong is} 46. Rxb6 $2 Qxd4+ 47. Ka2 Qf2+ 48. Qb2 Rd2 $19) 46... Qe3 47. Qc3 Qe2+ 48. Kb3 b5 49. Qb2 Qd3+ 50. Qc3 Qb1+ 51. Qb2 Qd1+ 52. Qc2 $1 {[%cal Rc2d1]} Qa1 {[#] aiming for ...Ra8.} 53. Qc3 Qb1+ {The position is equal.} 54. Qb2 Qe4 {Hoping for ...Rc8.} 55. Qc2 Qe3+ 56. Qc3 Qe2 57. Qc2 Qe3+ {Precision: White = 47%, Black = 48%.} 1/2-1/2

[Event "4th Capablanca Memorial GM 2018"]
[Site "Heraklion"]
[Date "2018.04.13"]
[Round "5"]
[White "Townsend, M Paul"]
[Black "Rozentalis, Eduardas"]
[Result "1/2-1/2"]
[WhiteElo "2211"]
[BlackElo "2518"]
[Annotator "TA"]
[PlyCount "125"]
[EventDate "2018.??.??"]
[EventType "tourn"]
[EventCountry "GRE"]
[SourceTitle "playchess.com"]
[Source "ChessBase"]
[SourceQuality "1"]

{[%evp 9,125,36,34,38,33,24,49,52,59,52,59,61,46,41,51,39,44,48,66,60,56,53,91,56,86,56,58,31,32,26,33,0,27,0,0,0,0,0,0,0,0,-57,-68,-62,-67,-104,-107,-102,-105,-94,-22,-61,0,0,0,-29,0,0,0,0,0,0,0,0,228,214,263,213,575,0,0,0,0,0,0,0,0,0,0,0,0,-8,-8,-8,-8,-8,-8,-8,-8,-8,-8,-8,-8,-8,-8,-8,-8,-53,-53,-53,-53,-53,-48,-53,-48,-68,-8,-68,-68,-68,-60,-68,-48,-48,-8,-48,-8,-24]} 1. c4 b6 2. d4 e6 3. e4 Bb7 4. Bd3 Nf6 (4... Nc6 5. Ne2 Nb4 6. Nbc3 Nxd3+ 7. Qxd3 Ne7 8. O-O d6 9. Be3 Qd7 10. d5 Ng6 11. f4 Be7 12. Bd4 e5 13. fxe5 dxe5 {0-1 (49) Matlakov,M (2728)-Andreikin,D (2706) Tbilisi 2017}) 5. f3 Bb4+ 6. Bd2 {A40: Unusual replies to 1 d4} Bxd2+ 7. Qxd2 d6 $146 ({Find the theoretical novelty and annotate with similar games:} 7... a5 8. Ne2 d6 9. O-O Nbd7 10. Nbc3 e5 11. d5 O-O 12. Na4 {½-½ (29) Hoshino,M (1437)-Romero Troncoso,L (1494) Pocos de Caldas 2017}) 8. Nc3 {White is slightly better.} Nbd7 9. Nge2 O-O 10. O-O a6 11. b4 c5 12. bxc5 bxc5 13. d5 Re8 14. Rab1 Qc7 15. Ng3 Rad8 16. f4 Bc8 17. h3 exd5 18. exd5 Nf8 19. Na4 h5 20. Rfe1 h4 21. Ne4 (21. Nf1 {NOTEXT} Ng6 22. Nh2 Nh5 23. Bxg6 fxg6 24. Nf3) 21... Nxe4 22. Rxe4 Rxe4 23. Bxe4 Qe7 24. Nc3 Qf6 25. Rb6 (25. Bc2 $11) 25... Re8 $1 $15 {[#] And now ...Qd4+ would win.} 26. Bf3 {Hoping for Ne4.} Qg6 27. Ne4 Rxe4 28. Bxe4 Qxe4 29. Rxd6 Bd7 (29... Qxc4 $17 30. Rd8 Bf5) 30. Rxa6 $11 Kh7 (30... Qxc4 $15 31. Ra8 f6) 31. Ra7 Qxc4 32. a4 {[%cal Ba2a4,Ba4a5,Ba5a6][%mdl 32]} Qb3 33. a5 Qb8 34. Ra6 Qb1+ 35. Kh2 Ng6 36. Rb6 Qa1 $2 (36... Qf1 $1 $11) 37. a6 Qa3 38. Rb7 Bxh3 $2 (38... Bc8 {is tougher.} 39. d6 (39. Rxf7 Qg3+ 40. Kh1 Bxa6 $16) 39... Qxa6) 39. Qf2 $2 ({Inferior is} 39. gxh3 Qg3+ 40. Kh1 Nxf4 $11) (39. a7 $18) 39... Qxa6 40. Rxf7 {[#] Qb2 is the strong threat.} Kg8 41. Rc7 Bf5 42. Qb2 {[%csl Gc7][%cal Rb2g7]} Qf6 43. Qxf6 gxf6 44. d6 Kf8 ({Reject} 44... Nxf4 $6 45. d7 $16) 45. Rxc5 Bd7 46. f5 Ne5 47. Kh3 Bxf5+ 48. Kxh4 Bd7 49. Kg3 Kf7 50. Rd5 Ke6 51. Rd1 Bc6 52. Kf2 Bd5 53. g3 Ng4+ 54. Ke2 {aiming for Rxd5!} Kxd6 55. Rd4 Nh6 56. Kf2 Ke5 57. Ra4 Nf7 (57... Kf5 $15) 58. Ra7 ({Better is} 58. g4 $11) 58... Nd6 $15 59. Re7+ Be6 60. Ra7 Ne4+ 61. Kf3 Bd5 62. Re7+ Kd6 63. Ra7 {Precision: White = 64%, Black = 48%.} 1/2-1/2

[Event "4th Capablanca Memorial GM 2018"]
[Site "Heraklion"]
[Date "2018.04.14"]
[Round "6"]
[White "Rozentalis, Eduardas"]
[Black "Kapnisis, Spyridon"]
[Result "1/2-1/2"]
[WhiteElo "2518"]
[BlackElo "2472"]
[Annotator "TA"]
[PlyCount "41"]
[EventDate "2018.??.??"]
[EventType "tourn"]
[EventCountry "GRE"]
[SourceTitle "playchess.com"]
[Source "ChessBase"]
[SourceQuality "1"]

{[%evp 15,16,0,21]} 1. e4 e5 2. Nf3 Nc6 3. Nc3 Nf6 4. d4 exd4 5. Nxd4 Bb4 6. Nxc6 bxc6 7. Bd3 O-O 8. O-O Re8 {LiveBook: 170 Games} {Find the theoretical novelty and annotate with similar games:} 9. Bg5 $146 h6 10. Bh4 Qe7 11. Kh1 Bxc3 12. bxc3 d5 13. exd5 cxd5 14. Qf3 g5 15. Bb5 Bg4 16. Qd3 c6 17. Bxc6 Be2 18. Qd4 Bxf1 19. Rxf1 gxh4 20. Bxa8 Rxa8 21. Qxh4 {0-1 (32) Dubov,D (2701)-Fedoseev,V (2724) Moscow 2018} 1/2-1/2

[Event "4th Capablanca Memorial GM 2018"]
[Site "Heraklion"]
[Date "2018.04.14"]
[Round "6"]
[White "Poetsch, Hagen"]
[Black "Ider, Borya"]
[Result "1-0"]
[WhiteElo "2484"]
[BlackElo "2510"]
[Annotator "TA"]
[PlyCount "43"]
[EventDate "2018.??.??"]
[EventType "tourn"]
[EventCountry "GRE"]
[SourceTitle "playchess.com"]
[Source "ChessBase"]
[SourceQuality "1"]

{[%evp 15,43,74,77,-39,-40,-39,-35,-80,-24,-39,-41,-58,-25,-17,0,6,0,0,95,109,52,50,422,429,402,400,584,584,553,543]} 1. e4 e6 2. d4 d5 3. Nc3 Bb4 4. e5 c5 5. a3 Bxc3+ 6. bxc3 Qc7 7. Qg4 f5 8. Qg3 Ne7 {LiveBook: 86 Games} 9. Ne2 {C18: French: 3 Nc3 Bb4: Main line: 7 h4 and 7 Qg4} (9. Qxg7 $16 Rg8 10. Qxh7) 9... O-O $1 $15 10. Ra2 $146 ({Find the theoretical novelty and annotate with similar games:} 10. Bd2 Ng6 11. h4 Rf7 12. h5 Nf8 13. Nf4 b6 14. a4 Ba6 15. Bxa6 Nxa6 16. Qd3 Nb8 {0-1 (46) Jakovenko,D (2581)-Berg,E (2495) playchess.com INT 2004}) 10... Nbc6 11. Be3 {[#]Black is slightly better.} Qb6 (11... f4 $1 $17 {[%mdl 512]} 12. Bxf4 (12. Nxf4 Qb6) 12... Nf5) 12. dxc5 Qb1+ 13. Nc1 b6 (13... Ng6 $5 {[%cal Rf5f4]} 14. f4 {[#]} Ncxe5 $1 $17 {[%mdl 512]}) 14. Be2 Ng6 {Threatens to win with ...f4.} 15. f4 $1 Ncxe5 16. O-O Nd7 (16... Ng4 $11) 17. c6 $16 Nb8 18. c4 {Black must now prevent cxd5.} Nxc6 $2 {[%mdl 8192]} ({Black should play} 18... Ba6 $1 $14) 19. cxd5 $18 exd5 {If Black can now play ...Be6 this consolidates a bit.} 20. Bd3 d4 (20... Nb4 $142) 21. Bd2 Be6 22. c4 {Precision: White = 69%, Black = 37%.} 1-0

[Event "4th Capablanca Memorial GM 2018"]
[Site "Heraklion"]
[Date "2018.04.14"]
[Round "6"]
[White "Georgakopoulos, Nikolaos"]
[Black "Petrova, Kristyna"]
[Result "1/2-1/2"]
[WhiteElo "2346"]
[BlackElo "2257"]
[Annotator "NA"]
[PlyCount "63"]
[EventDate "2018.??.??"]
[EventType "tourn"]
[EventCountry "GRE"]
[SourceTitle "playchess.com"]
[Source "ChessBase"]
[SourceQuality "1"]
[TimeControl "40/5400+30:1800+30"]

1. d4 {[%emt 0:00:00]} Nf6 {[%emt 0:00:05]} 2. c4 {[%emt 0:00:00]} g6 {[%emt 0:00:04]} 3. g3 {[%emt 0:00:00]} d5 {[%emt 0:01:54]} 4. cxd5 {[%emt 0:00:56]} Nxd5 {[%emt 0:00:06]} 5. Bg2 {[%emt 0:00:42]} Bg7 {[%emt 0:00:08]} 6. Nf3 {[%emt 0:00:06]} Nb6 {[%emt 0:00:16]} 7. Nc3 {[%emt 0:00:53]} Nc6 {[%emt 0:00:15]} 8. e3 {[%emt 0:00:53]} O-O {[%emt 0:00:08]} 9. O-O {[%emt 0:00:05]} Re8 {[%emt 0:00:18]} 10. Nh4 {[%emt 0:01:49] D76: Fianchetto Grünfeld: Main Line with 7...Nb6} (10. a3 e5 11. d5 Na5 12. Qc2 c6 13. b4 Nac4 14. dxc6 bxc6 15. Rd1 Bf5 16. e4 Bd7 17. Na4 Nxa4 18. Qxc4 {½-½ (50) Le,Q (2737)-Ivanchuk,V (2726) Huaian 2017}) 10... e5 {[%emt 0:00:21]} 11. d5 {[%emt 0:00:12]} Na5 {[%emt 0:05:45]} 12. Rb1 {[%emt 0:01:49]} e4 {[%emt 0:04:36]} 13. Nxe4 {[%emt 0:01:15]} Nxd5 {[%emt 0:05:35]} 14. Qa4 {[%emt 0:07:31]} Nc6 {[%emt 0:51:48]} 15. Rd1 {[%emt 0:05:27]} Nce7 {[%emt 0:00:13]} 16. Nc5 {[%emt 0:08:23]} (16. b4 $16) 16... b6 $1 $146 {[%emt 0:05:48]} ({Predecessor:} 16... b5 17. Qb3 c6 {1-0 (52) Vazquez,G (2443)-He,A (2307) Chicago 2017}) 17. Bxd5 {[%emt 0:17:31]} Nxd5 {[%emt 0:00:08]} 18. Rxd5 {[%emt 0:00:09]} Qxd5 {[%emt 0:00:07]} 19. Qxe8+ $16 {[%emt 0:00:07]} Bf8 {[%emt 0:00:01]} 20. Qe4 {[%emt 0:01:54]} Qd1+ {[%emt 0:07:36]} 21. Kg2 {[%emt 0:00:06]} bxc5 {[%emt 0:00:07]} 22. Qxa8 {[%emt 0:36:40]} Ba6 {[%emt 0:00:06]} 23. h3 {[%emt 0:03:44]} g5 {[%emt 0:02:54]} 24. e4 {[%emt 0:08:23]} Bd3 {[%emt 0:00:25]} 25. Qd5 {[%emt 0:02:30]} Qf1+ {[%emt 0:05:08]} 26. Kh2 {[%emt 0:00:03]} Qxf2+ {[%emt 0:00:13]} 27. Ng2 {[%emt 0:00:19]} Bxb1 {[%emt 0:00:11]} 28. Qxg5+ {[%emt 0:00:28]} Kh8 {[%emt 0:01:58]} 29. Qd8 {[%emt 0:00:49]} Kg7 {[%emt 0:00:09]} 30. Qg5+ {[%emt 0:00:20]} Kh8 {[%emt 0:00:02]} 31. Qd8 {[%emt 0:01:51]} Kg7 {[%emt 0:00:05]} 32. Qg5+ {[%emt 0:00:26]} 1/2-1/2